<?xml version="1.0" encoding="UTF-8"?>
<record
    xmlns:xsi="http://www.w3.org/2001/XMLSchema-instance"
    xsi:schemaLocation="http://www.loc.gov/MARC21/slim http://www.loc.gov/standards/marcxml/schema/MARC21slim.xsd"
    xmlns="http://www.loc.gov/MARC21/slim">

  <leader>00603nam a2200133Ia 4500</leader>
  <controlfield tag="008">221007s9999    xx            000 0 und d</controlfield>
  <datafield tag="041" ind1=" " ind2=" ">
    <subfield code="a">eng</subfield>
  </datafield>
  <datafield tag="082" ind1=" " ind2=" ">
    <subfield code="b">ALE</subfield>
  </datafield>
  <datafield tag="100" ind1=" " ind2=" ">
    <subfield code="a">Alekar Ishani R - 2k141049; Prof. Ranjana Gogate - Guide &amp; [Company Name] - Phonix General Insurance Brokers PVT.LTD</subfield>
    <subfield code="9">103729</subfield>
  </datafield>
  <datafield tag="245" ind1=" " ind2=" ">
    <subfield code="a">Comparative Study Of Claims And Settlement In United India Insurance Co. Vs. Bajaj Allianz General Insurance With Special Ref. To Motor Insurance At Phoenix General Insurance Brokers Pvt.Ltd</subfield>
  </datafield>
  <datafield tag="260" ind1=" " ind2=" ">
    <subfield code="c">Sep-15</subfield>
    <subfield code="b">Savitribai Phule Pune University</subfield>
    <subfield code="a">Pune</subfield>
  </datafield>
  <datafield tag="300" ind1=" " ind2=" ">
    <subfield code="a">74p</subfield>
  </datafield>
  <datafield tag="906" ind1=" " ind2=" ">
    <subfield code="b">General</subfield>
  </datafield>
  <datafield tag="999" ind1=" " ind2=" ">
    <subfield code="c">75049</subfield>
    <subfield code="d">75049</subfield>
  </datafield>
  <datafield tag="952" ind1=" " ind2=" ">
    <subfield code="0">0</subfield>
    <subfield code="1">0</subfield>
    <subfield code="4">0</subfield>
    <subfield code="7">0</subfield>
    <subfield code="a">HIMR</subfield>
    <subfield code="b">HIMR</subfield>
    <subfield code="d">2016-07-20</subfield>
    <subfield code="e">HNIMR</subfield>
    <subfield code="l">0</subfield>
    <subfield code="o"> ALE</subfield>
    <subfield code="p">HIMR-PR-593</subfield>
    <subfield code="r">2022-10-07 00:00:00</subfield>
    <subfield code="w">2022-10-07</subfield>
    <subfield code="y">PR</subfield>
    <subfield code="z">PR0593</subfield>
  </datafield>
</record>
